• 首页
  • 本馆介绍
  • 公告通知
  • 最新文献
  • 馆藏检索
  • 电子资源
  • 读者导购
  • 参考咨询
  • 我的图书馆
  • 登录
  • 详细信息显示
  • 放入我的书架
  • 预约/预借图书
  • 作者相关作品
  • 分类相关作品
  • 丛书相关作品
  • 出版社相关作品

书目信息

  • 表格格式
  • 工作单格式
  • 卡片格式
题名:
卢沟桥事变前后
    
 
作者: 沈继英 , 柳成昌 著
分册:  
出版信息: 北京   北京出版社  1986
页数: 145页
开本: 19cm
丛书名:
单 册:
中图分类: K265.4
科图分类:
主题词: 七·七事变--1937
电子资源:
ISBN:
000 00660nam0 2200241 45
001 0186005418
005 20040517171535.2
010    @dCNY0.84
100    @a19951113d1986 em y0chiy0121 ea
101 0  @achi
102    @aCN@b110000
105    @af z 000yy
106    @ar
200 10 @a卢沟桥事变前后@Alu gou qiao shi bian qian hou@f沈继英,柳成昌著
210    @a北京@c北京出版社@d1986
215    @a145页@c照片@d19cm
606    @a七·七事变@z1937
690    @aK265.4@v3
701  0 @a沈继英@4著@Ashen ji ying
701  0 @a柳成昌@4著@Aliu cheng chang
801  0 @aCN@b深圳图书馆@c20040517
801  2 @aCN@bNLC@c20040517
905    @f1@b162347@dK265.4@e27
    
    卢沟桥事变前后/沈继英,柳成昌著.-北京:北京出版社,1986
    145页:照片;19cm
    
    
    ISBN :CNY0.84
    
●
相关链接 在E读中查询图书 在五车中查询图书 在当当中查询图书 在豆瓣中查询图书


正题名:卢沟桥事变前后     索取号:K265.4/27         预约/预借

序号 登录号 条形码 馆藏地/架位号 状态 备注
1 0162347   000354912   第二借阅区/ [索取号:K265.4/27] 在馆    
2 0162348   000354921   第二样本阅览室/ [索取号:K265.4/27] 在馆    
唐山师范学院图书馆 欢迎您!
大连网信软件有限公司© 版权所有